Sports Quiz

Random Sports or State Quiz

Ohio State Leading Rusher by Year Quiz Stats

 Plays Quiz not verified by Sporcle

Score 0/50 Timer 15:00
0 Plays Today
Year Rusher % Correct
1995Eddie George
93.7%
1994Eddie George
93.7%
1975Archie Griffin
90.7%
1974Archie Griffin
90.7%
1973Archie Griffin
90.7%
1972Archie Griffin
90.7%
2008Chris Wells
88.9%
2007Chris Wells
88.9%
2001Jonathan Wells
88%
2002Maurice Clarett
85.3%
1992Robert Smith
71.9%
1990Robert Smith
71.9%
2009Terrelle Pryor
70.7%
2006Antonio Pittman
63.2%
2005Antonio Pittman
63.2%
1984Keith Byars
55.1%
1983Keith Byars
55.1%
2004Lydell Ross
48.5%
2003Lydell Ross
48.5%
1997Pepe Pearson
45.2%
1996Pepe Pearson
45.2%
1999Michael Wiley
39.5%
1998Michael Wiley
39.5%
1993Raymont Harris
35%
1991Carlos Snow
34.1%
Year Rusher % Correct
1989Carlos Snow
34.1%
1988Carlos Snow
34.1%
1982Tim Spencer
28.7%
1981Tim Spencer
28.7%
1969Jim Otis
27.8%
1968Jim Otis
27.8%
1967Jim Otis
27.8%
2000Derek Combs
19.8%
1970John Brockington
18.6%
1987Vince Workman
16.5%
1986Vince Workman
16.5%
1961Bob Ferguson
13.5%
1960Bob Ferguson
13.5%
1977Ron Springs
12.9%
1976Jeff Logan
9.6%
1980Calvin Murray
9.3%
1979Calvin Murray
9.3%
1963Matt Snell
6.3%
1985John Wooldridge
5.1%
1978Paul Campbell
4.5%
1966Bo Rein
4.2%
1971Rick Galbos
3.6%
1964Willard Sander
3.3%
1965Tom Barrington
3%
1962David Francis
2.4%

You're not logged in!

Compare scores with friends on all Sporcle quizzes.
OR
Log In

Show Comments

Extras

Top Quizzes Today


Score Distribution

Your Account Isn't Verified!

In order to create a playlist on Sporcle, you need to verify the email address you used during registration. Go to your Sporcle Settings to finish the process.

Report this User

Report this user for behavior that violates our Community Guidelines.

Details: